ARRUPE JESUIT UNIVERSITY

CORONAVIRUS -STOP THE SPREAD - CLEAN,DISINFECT,COVER

Women of the world : (Record no. 126059)

MARC details
000 -LEADER
fixed length control field 01956cam a2200409 a 4500
001 - CONTROL NUMBER
control field 12275293
003 - CONTROL NUMBER IDENTIFIER
control field ARRUPE
005 - DATE AND TIME OF LATEST TRANSACTION
control field 20170208120720.0
008 - FIXED-LENGTH DATA ELEMENTS--GENERAL INFORMATION
fixed length control field 010110s1997 nyua b 000 0 eng c
010 ## - LIBRARY OF CONGRESS CONTROL NUMBER
LC control number 2001274123
020 ## - INTERNATIONAL STANDARD BOOK NUMBER
International Standard Book Number 1890671010
020 ## - INTERNATIONAL STANDARD BOOK NUMBER
International Standard Book Number 1890671002
035 ## - SYSTEM CONTROL NUMBER
System control number (OCoLC)ocm38220057
040 ## - CATALOGING SOURCE
Original cataloging agency NLM
Transcribing agency NLM
Modifying agency SYL
-- ZBL
-- DLC
043 ## - GEOGRAPHIC AREA CODE
Geographic area code f------
050 00 - LIBRARY OF CONGRESS CALL NUMBER
Classification number KQC445
Item number .W66 1997
060 00 - NATIONAL LIBRARY OF MEDICINE CALL NUMBER
Classification number 2000 F-689
060 10 - NATIONAL LIBRARY OF MEDICINE CALL NUMBER
Classification number WQ 33 HA1
Item number W872 1997
300 ## - PHYSICAL DESCRIPTION
Other physical details ill. ;
Dimensions 28 cm.
245 00 - TITLE STATEMENT
Title Women of the world :
Remainder of title laws and policies affecting their reproductive lives : anglophone Africa /
Statement of responsibility, etc Center for Reproductive Law and Policy, International Federation of Women Lawyers (Kenya Chapter) F.I.D.A.-K.
250 ## - EDITION STATEMENT
Edition statement 1st ed.
260 ## - PUBLICATION, DISTRIBUTION, ETC. (IMPRINT)
Place of publication, distribution, etc New York, NY :
Name of publisher, distributor, etc Center for Reproductive Law and Policy,
Date of publication, distribution, etc 1997.
300 ## - PHYSICAL DESCRIPTION
Extent 173 p. :
500 ## - GENERAL NOTE
General note Report edited and partially drafted by Viviana Waisman and Anika Rahman.
504 ## - BIBLIOGRAPHY, ETC. NOTE
Bibliography, etc Includes bibliographical references.
505 0# - FORMATTED CONTENTS NOTE
Formatted contents note 1. Introduction -- 2. Ethiopia -- 3. Ghana -- 4. Kenya -- 5. Nigeria-- 6. South Africa -- 7. Tanzania -- 8. Zimbabwe -- 9. Regional trends in reproductive rights.
525 ## - SUPPLEMENT NOTE
Supplement note Kept up to date by supplement with subtitle: Progress report 2001 (175 p.).
650 #0 - SUBJECT ADDED ENTRY--TOPICAL TERM
Topical term or geographic name as entry element Human reproduction
General subdivision Law and legislation
Geographic subdivision Africa, English-speaking.
9 (RLIN) 28653
650 #0 - SUBJECT ADDED ENTRY--TOPICAL TERM
Topical term or geographic name as entry element Reproductive rights
Geographic subdivision Africa, English-speaking.
9 (RLIN) 28654
700 1# - ADDED ENTRY--PERSONAL NAME
Personal name Waisman, Viviana.
9 (RLIN) 28655
700 1# - ADDED ENTRY--PERSONAL NAME
Personal name Rahman, Anika.
9 (RLIN) 28656
710 2# - ADDED ENTRY--CORPORATE NAME
Corporate name or jurisdiction name as entry element Center for Reproductive Law & Policy.
9 (RLIN) 28657
710 2# - ADDED ENTRY--CORPORATE NAME
Corporate name or jurisdiction name as entry element International Federation of Women Lawyers.
Subordinate unit Kenya Chapter.
9 (RLIN) 28658
740 02 - ADDED ENTRY--UNCONTROLLED RELATED/ANALYTICAL TITLE
Uncontrolled related/analytical title Women of the world : laws and policies affecting their reproductive lives : anglophone Africa : progress report 2001.
906 ## - LOCAL DATA ELEMENT F, LDF (RLIN)
a 7
b cbc
c pccadap
d 2
e ncip
f 20
g y-gencatlg
942 ## - ADDED ENTRY ELEMENTS (KOHA)
Source of classification or shelving scheme Library of Congress Classification
Koha item type Monograph ( Printed materials)
Holdings
Withdrawn status Lost status Source of classification or shelving scheme Damaged status Not for loan Collection code Home library Current library Shelving location Date acquired Total Checkouts Full call number Barcode Date last seen Price effective from Koha item type
    Library of Congress Classification     Main Collection ARRUPE LIBRARY ARRUPE LIBRARY Main Collection 08/02/2017   KNC445 .W66 1997 46500023946 08/02/2017 08/02/2017 Monograph ( Printed materials)

 

Arrupe Library. PO Box MP320 Mt Pleasant, Harare, Zimbabwe
263 242 745411|librarian@aju.ac.zw